Northern Ireland County Quiz - Antrim - Statistics

General Stats
  • This quiz has been taken 95 times
  • The average score is 11 of 15
Answer Stats
Hint Answer % Correct
Capital of Northern Ireland, most of which is in County Antrim Belfast
100%
Large urban waterfront development in the above city, named after an iconic ship {Titanic} Quarter
93%
Irish province of which County Antrim is a part Ulster
92%
World Heritage Site and area of interlocking basalt columns on the Antrim coast Giant's Causeway
91%
Actor from Ballymena who has starred in 'Taken', 'Taken 2', and 'Taken 3' Liam Neeson
85%
The UK's largest lake by area, bordered by County Antrim to the north-east Lough Neagh
85%
Antrim born sportsman who played for Manchester United and the Northern Ireland national team, and is widely regarded as one of the greatest football players of all time George Best
77%
City predominantly in County Antrim but having part in County Down Lisburn
73%
Traditional Gaelic sport played at a high level by Loughgiel Shamrocks Hurling
65%
Major river that flows into the sea at the Northern Ireland capital Lagan
65%
Inhabited island off the north coast of County Antrim Rathlin
65%
Singer-songwriter from the capital city who had a major hit with 'Brown Eyed Girl' Van Morrison
64%
'Chronicles of Narnia' author who was born in the capital city C.S. Lewis
62%
Major passenger and roll-on roll-off ferry port on the east coast of Antrim Larne
62%
Five-time World Motorcycle Champion from Ballymoney Joey Dunlop
46%
No matching quizzes found
Score Distribution
Percent of People with Each Score
Percentile by Number Answered
Your Score History
You have not taken this quiz